000 01075cam a2200313 a 4500
001 2786
005 20240115122404.0
020 _a0786805315 (tr)
020 _a9780439294843
020 _a078682462X (lib)
040 _aDLC
_cDLC
050 0 0 _aPZ7.K8369
_bNm 2000
082 0 0 _a808.7
_221
100 1 _aKorman, Gordon
245 1 0 _aNo more dead dogs /
_cGordon Korman
250 _aFirst Scholastic printing, September 2001
260 _aNew York :
_bScholastic,
_c2000
300 _a180 pages ;
_c20 cm
505 _aM
520 _aEighth-grade football hero Wallace Wallace is sentenced to detention attending rehearsals of the school play where, in spite of himself, he becomes wrapped up in the production and begins to suggest changes that improve not only the play but his life as well.
521 _a610
_bLexile
521 _aM
_bRaz-Plus
650 1 _aTheater
_vFiction.
650 1 _aSchools
_vFiction.
650 1 _aFootball
_vFiction.
650 1 _aHumorous stories.
906 _a7
_bcbc
_corignew
_d1
_eocip
_f20
_gy-gencatlg
942 _2ddc
_cBK
_n0
999 _c2786
_d2786